000 01262cab a22002535a 4500
001 L147583
008 090527s2009 xxkd f 000 0 eng d
035 _a(Sirsi) u147583
041 0 _aeng
100 1 _aCheung, Esther
245 0 0 _aReasons for implementing public private partnership projects
_bperspectives from Hong Kong, Australian and British practitioners
260 _c2009
490 0 _aJournal of Property Investment and Finance
_v27(1) 2009, 81-95(15)
520 _aPresents the findings of a comparative study investigating the reasons for implementing Public Private Partnerships (PPP) projects in Hong Kong, Australia and the United Kingdom. Outlines PPP experience in the three countries. Discusses the study's methodology and findings. Concludes that the study should indicate to practitioners the main reasons for implementing PPP projects and give a clearer understanding of such projects across geographic borders.Tables and figures. References.
590 _aKA
651 4 _aUnited Kingdom
_y
651 4 _aHong Kong
651 4 _aAustralia
651 4 _aInternational
690 _aBUILT ENVIRONMENT-CONSTRUCTION MANAGEMENT-CONSTRUCTION PLANNING
700 1 _aChan, Albert P.C.
700 1 _aKajewski, Stephen
942 _n0
999 _c81573
_d81573